| 000 | 01199nam0a2200313 4500 | ||
|---|---|---|---|
| 001 | RU\NLR\bibl\480703 | ||
| 005 | 20260406145835.0 | ||
| 010 |
_a5-94743-034-7 _910000 |
||
| 021 |
_aRU _b2003-64296 _93161 |
||
| 035 | _a(NLR Aleph) 000473584 | ||
| 090 |
_a1009051 _c1009051 |
||
| 100 | _a20040119d2004 |||y0rusy50 ca | ||
| 101 | 0 | _arus | |
| 102 | _aRU | ||
| 105 | _aa ||||||||| | ||
| 200 | 1 |
_aЗима в Простоквашино _e[Для мл. шк. возраста] _fЭдуард Успенский _gХудож. Л. Хачатрян |
|
| 210 |
_aМ. _cКниги "Искателя" _d2004 (печ. 2003) |
||
| 215 |
_a76,[1] с. _cцв. ил. _d22 |
||
| 225 | 1 | _aСуперсерия! | |
| 686 | _aШ9(2)60=Р7-2 | ||
| 700 | 1 |
_4070 _8rus _7ca _aУспенский _bЭ. Н. _cдет. писатель _f1937-2018 _gЭдуард Николаевич _3RU\NLR\AUTH\774788 _9114763 |
|
| 702 | 1 |
_4040 _8rus _7ca _aХачатрян _bЛ. А. _cхудожник _f1941-2002 _gЛевон Аршавирович _3RU\NLR\AUTH\7787851 _970779 |
|
| 801 | 0 |
_aRU _bNLR _c20040119 _gPSBO |
|
| 801 | 1 |
_aRU _bNLR _c20040119 |
|
| 942 | _cBOOK | ||
| 980 | _aNB | ||